00589 2200217 4500001002100000005001500021035002000036007000300056008004100059020002200100082000800122084001400130100002000144245006700164250001700231260003500248300003900283650002000322505001200342990001700354INLIS00000000001000220260513105206 a0010-0526000035ta260513 g 0 ind  a978-602-288-152-0 a004 a004 AND t0 aAndi Suparwanto1 aTip, Trik, Formula & Fungsi Microsoft Excel /cAndi Suparwanto a1, Cet. Ke-1 aYogyakarta :bNote Book,c2015 a, 328 hlm :bilus. ;c15,5 x 23 cm 4aMicrosoft Excel ahlm.328 a202500223303